02275cam a2200337 i 45000010009000000050017000090080041000260100017000670200030000840200089001140400023002030420008002260430012002340500023002460820019002690840034002881000028003222450043003502500024003932640067004173000029004843360026005133370028005393380027005675051115005946500034017096500028017436500068017716500046018396510052018851903706320221222131735.0160331s2016 nyu b 001 0 eng  a 2016010018 a9781627793810 (hardcover) a9781250114310 (international, sold outside the U.S., subject to rights availability) aDLCbengcDLCerda apcc an-us---00aJZ1480b.C477 201600a327.73,CHO223 aPOL011000aHIS0370802bisacsh1 aChomsky, Noam,eauthor.10aWho rules the world? / cNoam Chomsky. aFirst U.S. edition. 1aNew York :bMetropolitan Books, Henry Holt and Company,c2016. aviii, 307 pages ;c25 cm atextbtxt2rdacontent aunmediatedbn2rdamedia avolumebnc2rdacarrier aThe Responsibility of Intellectuals, Redux (Page-5), Terrorists Wanted the World Over (Page-22), The Torture Memos and Historical Amnesia (Page-31), The Invisible Hand of Power (Page-44), American Decline: Causes and Consequences (Page-57), Is America Over? (Page-67), Magna Carta, Its Fate, and Ours (Page-84), The Week the World Stood Still (Page-100), The Oslo Accords: Their Context, Their Consequences (Page-115), The Eve of Destruction (Page-128), Israel-Palestine: The Real Options (Page-135), “Nothing for Other People”: Class War in the United States (Page-143), Whose Security? How Washington Protects Itself and the Corporate Sector (Page-149), Outrage (Page-162), How Many Minutes to Midnight? (Page-179), Cease-fires in Which Violations Never Cease (Page-189), The U.S. Is a Leading Terrorist State (Page-198), Obama’s Historic Move (Page-202), “Two Ways About It” (Page-208), One Day in the Life of a Reader of the New York Times (Page-213), “The Iranian Threat”: Who Is the Gravest Danger to World Peace? (Page-218), The Doomsday Clock (Page-230), Masters of Mankind (Page-239). 0aWorld politicsy21st century. 0aPower (Social sciences) 7aPOLITICAL SCIENCE / International Relations / General.2bisacsh 7aHISTORY / Modern / 21st Century.2bisacsh 0aUnited StatesxForeign relationsy21st century.